000
00317nam a2200133Ia 4500
008
230917s9999||||xx |||||||||||||| ||und||
040
_e
157795
_a
MAIN
041
_a
English
082
_a
970 H782H
245
0
_a
Horizon. 1 (2); 1960
260
_a
New York
_b
American Horizon
_c
1958
300
_a
146 p.
942
_c
BK
999
_c
233118
_d
233118